Guess The titans from Attack on Titan - Statistics

General Stats
  • This quiz has been taken 1,074 times
  • The average score is 8 of 9
Answer Stats
Hint Answer % Correct
The Titan is possessed with a ferociously powerful jaws and nails. It is also known as the swiftest Titan of all thanks to its small size. Jaw Titan
96%
This Titan's seeks for freedom, and fights for freedom. Although it's ability has not yet been officially revealed, but most of the audience sayas that it's capabilty is BERSERK. Attack Titan
95%
This Titan possesses a devastating ability to throw objects with great accuracy and immense destructive capability. It has a unique ape-like appearance and is slightly larger than most Titans. Beast Titan
95%
This Titan is announced to be the "God of Destruction" , and is capable of emitting a great amount of steam at it's will. Colossal Titan
95%
This Ttian has the ability to attract Pure Titans with its screams. Female Titan
92%
This Titan specializes in hardening abilities. One slam from that body should be able to destroy both Walls and gates. Armored Titan
90%
This Titan is with the ability to create structures out of hardened Titan flesh. War Hammer Titan
89%
This Titan possesses with a quadrupedal form possessing devastating speed and endurance. Cart Titan
88%
This Titan possesses Scream that can create and control other Titans, and modify the memories of Subjects of Ymir, but this power can only be used by the royal family under normal circumstances. Founding Titan
88%
No matching quizzes found
Score Distribution
Percent of People with Each Score
Percentile by Number Answered
Your Score History
You have not taken this quiz